00620nam a2200205 a 450000100060000000300090000600500170001500800410003202000180007304000280009104100130011904300180013208200090015010000320015924500870019126000450027830000360032365000340035970000210039325055CO-ViMGA20230915232040.0141112s2004 ck r 000 u spa d a9788484703525 aCO-ViMGAbspacCO-ViMGA aspa fre ae - fr - - - 04aESCs1 aEscoffier, Michael, 1970 - 10a{{{Socorro!!! / cMichael Escoffier, Matthieu Maudet ; traducción de Rafael Ros. aBarcelona : bEditorial Corimbo, c2009. a10 p. plegables : il. ; 20 cm.14aCuentos infantiles franceses.1 aRos, Rafael, tr.